[Event "N1B"]
[Site "Lyon Olympique Echecs"]
[Date "2006.11.25"]
[Round "2.1"]
[White "Howell, David Wl"]
[Black "Lazarev, Vladimir"]
[Result "1-0"]
[WhiteElo "2471"]
[BlackElo "2522"]
[PlyCount "45"]
[EventDate "2006.11.25"]
[WhiteTeam "Marseille Duchamps"]
[BlackTeam "Lyon Olympique Echecs"]

1. e4 c5 2. c3 Nf6 3. e5 Nd5 4. Nf3 Nc6 5. Bc4 Nb6 6. Bd3 d5 7. exd6 c4 8. Bc2
e5 9. a4 Bxd6 10. O-O Be6 11. d3 h6 12. a5 Nc8 13. a6 bxa6 14. d4 N8e7 15. Rxa6
Bd5 16. dxe5 Nxe5 17. Nxe5 Bxe5 18. Re1 Bf6 19. Qh5 Bb7 20. Ba4+ Kf8 21. Rxf6
gxf6 22. Bxh6+ Kg8 23. Rxe7 1-0

[Event "N1B"]
[Site "Lyon Olympique Echecs"]
[Date "2006.11.25"]
[Round "2.2"]
[White "Vernay, Clovis"]
[Black "Renet, Olivier"]
[Result "1/2-1/2"]
[WhiteElo "2334"]
[BlackElo "2512"]
[PlyCount "62"]
[EventDate "2006.11.25"]
[WhiteTeam "Lyon Olympique Echecs"]

1. d4 Nf6 2. c4 e6 3. Nf3 b6 4. g3 Bb7 5. Bg2 Be7 6. O-O O-O 7. d5 exd5 8. Nh4
c6 9. cxd5 Nxd5 10. Nf5 Nc7 11. Re1 Ne6 12. e4 Na6 13. Nc3 Nac7 14. e5 f6 15.
Nd6 Bxd6 16. exd6 Ne8 17. b4 a6 18. Be3 b5 19. Ne4 f5 20. Nc5 Nxc5 21. Bxc5 Qg5
22. Re5 Nf6 23. Qd3 a5 24. h4 Qg6 25. bxa5 Rxa5 26. Rxf5 Ra4 27. Re1 Rc4 28.
Qf3 Qg4 29. Qd3 Qg6 30. Qf3 Qg4 31. Qd3 Qg6 1/2-1/2

[Event "N1B"]
[Site "Lyon Olympique Echecs"]
[Date "2006.11.25"]
[Round "2.3"]
[White "Kosten, Anthony C"]
[Black "Renaze, Luc"]
[Result "1-0"]
[WhiteElo "2542"]
[BlackElo "2331"]
[PlyCount "79"]
[EventDate "2006.11.25"]
[WhiteTeam "Marseille Duchamps"]
[BlackTeam "Lyon Olympique Echecs"]

1. e4 e5 2. Nf3 Nc6 3. Bc4 Bc5 4. c3 Bb6 5. d4 Qe7 6. O-O d6 7. h3 h6 8. Re1
Nf6 9. Na3 g5 10. Bb5 O-O 11. Nc4 Bd7 12. Ne3 exd4 13. cxd4 a6 14. Nd5 Qd8 $138
15. Nxb6 cxb6 16. Bd3 Ne8 17. Bd2 b5 18. d5 Ne7 19. h4 g4 20. Nd4 Ng6 21. Bxh6
Qxh4 22. Bxf8 Kxf8 23. Rc1 Kg7 24. g3 Qh5 25. Bf1 Nf6 26. Bg2 Ne5 27. Rc7 Re8
28. Rxb7 Kg6 29. Rb6 Nc4 30. Rxa6 Bc8 31. Rc6 Bd7 32. Rc7 Rh8 33. Nf5 Qh2+ 34.
Kf1 Bxf5 35. exf5+ Kg7 36. Qc1 Qh5 37. Qf4 Ne5 38. Rxe5 dxe5 39. Qxe5 Re8 40.
Qf4 1-0

[Event "N1B"]
[Site "Lyon Olympique Echecs"]
[Date "2006.11.25"]
[Round "2.4"]
[White "Benitah, Yohan"]
[Black "Grabarczyk, Bogdan"]
[Result "1/2-1/2"]
[WhiteElo "2412"]
[BlackElo "2447"]
[PlyCount "60"]
[EventDate "2006.11.25"]
[WhiteTeam "Lyon Olympique Echecs"]

1. d4 g6 2. c4 Bg7 3. e4 Nc6 4. Ne2 e5 5. dxe5 Nxe5 6. Nd4 d6 7. Nc3 Nf6 8. Be2
O-O 9. O-O Re8 10. f3 c6 11. Bg5 a6 12. Kh1 h6 13. Bh4 g5 14. Bf2 b5 15. b3 b4
16. Na4 c5 17. Nc2 Nh5 18. Qd2 Nf4 19. Rad1 Bd7 20. Nb2 Qf6 21. Nd3 Nexd3 22.
Bxd3 Qb2 23. Ne1 Qxd2 24. Rxd2 Bc3 25. Rd1 Bc6 26. Nc2 Be5 27. Ne3 h5 28. Bg3
a5 29. Bxf4 gxf4 30. Nd5 Bxd5 $11 1/2-1/2

[Event "N1B"]
[Site "Lyon Olympique Echecs"]
[Date "2006.11.25"]
[Round "2.5"]
[White "Boudre, Jean-Pierre"]
[Black "Safranska, Anda"]
[Result "0-1"]
[WhiteElo "2324"]
[BlackElo "2268"]
[PlyCount "64"]
[EventDate "2006.11.25"]
[WhiteTeam "Marseille Duchamps"]
[BlackTeam "Lyon Olympique Echecs"]

1. e4 g6 2. d4 Bg7 3. Nf3 d6 4. c3 Nf6 5. Bd3 O-O 6. O-O Nc6 7. Na3 a6 8. Nc4
Qe8 9. d5 Nb8 10. a4 e5 11. Re1 Nbd7 12. a5 h6 13. b4 Nh5 14. Qc2 Ndf6 15. h3
Qd8 16. Bd2 Kh8 17. Rad1 Ng8 18. Ne3 Nf4 19. Bf1 f5 20. exf5 gxf5 21. g3 Ng6
22. Ng2 Qf6 23. c4 f4 24. Ngh4 N8e7 25. Bc3 Nxh4 26. Nxh4 Nf5 27. Nxf5 Bxf5 28.
Qe2 Qg6 29. g4 f3 30. Qd2 Bxg4 31. hxg4 Qxg4+ 32. Kh2 Rf5 0-1

[Event "N1B"]
[Site "Lyon Olympique Echecs"]
[Date "2006.11.25"]
[Round "2.6"]
[White "Ravot, Sylvain"]
[Black "Ovsienko, Valentin"]
[Result "1-0"]
[WhiteElo "2229"]
[BlackElo "2163"]
[PlyCount "73"]
[EventDate "2006.11.25"]
[WhiteTeam "Lyon Olympique Echecs"]

1. e4 c5 2. Nf3 d6 3. d4 cxd4 4. Nxd4 Nf6 5. Nc3 a6 6. g3 g6 7. Bg2 Bg7 8. O-O
O-O 9. h3 Nbd7 10. Re1 Nc5 11. Nd5 Nfd7 12. Bg5 Re8 13. Qd2 Ne5 14. b3 Ne6 15.
Be3 Nc5 16. Rad1 Bd7 17. Rf1 Bc6 18. f4 Ned7 19. f5 Bxd5 20. exd5 Ne5 21. Rde1
Rc8 22. Kh2 b5 23. Rf2 Ncd7 24. Ref1 Qc7 25. Nc6 Nxc6 26. dxc6 Ne5 27. Bd4 d5
28. fxg6 fxg6 29. Bxe5 Bxe5 30. Rf7 Rf8 31. Bxd5 Rxf7 32. Rxf7 Bxg3+ 33. Kh1
Qd6 34. Rf6+ e6 35. Rxe6 Qb8 36. Qh6 Kh8 37. Re7 1-0

[Event "N1B"]
[Site "Lyon Olympique Echecs"]
[Date "2006.11.25"]
[Round "2.7"]
[White "Hulin, Jerome"]
[Black "Debray, Tristan"]
[Result "1-0"]
[WhiteElo "2072"]
[BlackElo "2132"]
[PlyCount "117"]
[EventDate "2006.11.25"]
[WhiteTeam "Marseille Duchamps"]
[BlackTeam "Lyon Olympique Echecs"]

1. d4 d5 2. c4 c6 3. Nc3 Nf6 4. Nf3 dxc4 5. e4 b5 6. e5 Nd5 7. a4 e6 8. axb5
Nxc3 9. bxc3 cxb5 10. Ng5 Bb7 11. Qh5 g6 12. Qg4 Be7 13. Be2 h5 14. Qg3 Bd5 15.
Bf3 Nc6 16. O-O Qd7 17. Ne4 a5 18. Bg5 Bxe4 19. Bxe4 Bxg5 20. Qxg5 Ra6 21. d5
exd5 22. e6 fxe6 23. Qf6 Rh6 24. Bxg6+ Rxg6 25. Qxg6+ Qf7 26. Qh6 Ke7 27. Rfb1
Rb6 28. Qe3 Rb7 29. Qc5+ Kd7 30. Rxb5 Rxb5 31. Qxb5 Qf6 32. Qb2 Qf5 33. Rb1 Qd3
34. h3 Kd6 35. Qc1 d4 36. Qf4+ e5 37. Qf6+ Kc5 38. Qf8+ Kd5 39. Rb5+ Ke4 40.
Qa8 Qxc3 41. Qxc6+ Kd3 42. Qf3+ Kd2 43. Qxh5 e4 44. Rxa5 d3 45. Qg5+ Kc2 46.
Ra2+ Kb3 47. Rd2 Qb4 48. Rd1 Qa3 49. Qb5+ Kc2 50. Qb1+ Kc3 51. Rc1+ Kd4 52.
Qb6+ Kd5 53. Qd8+ Ke6 54. Qg8+ Kf5 55. Qd5+ Kf6 56. Qd4+ Kf5 57. Rxc4 d2 58.
Qxe4+ Kg5 59. Qd5+ 1-0

[Event "N1B"]
[Site "Lyon Olympique Echecs"]
[Date "2006.11.25"]
[Round "2.8"]
[White "Soubrier, Aude"]
[Black "Fernandez, Laura"]
[Result "0-1"]
[WhiteElo "1953"]
[BlackElo "2030"]
[PlyCount "80"]
[EventDate "2006.11.25"]
[WhiteTeam "Lyon Olympique Echecs"]

1. e4 d5 2. exd5 Qxd5 3. Nc3 Qd6 4. d4 Nf6 5. Bc4 a6 6. Bb3 e6 7. Nf3 b5 8. O-O
Bb7 9. Re1 c5 10. dxc5 Qxc5 11. Be3 Qc7 12. Bd4 Be7 13. Be5 Qc6 14. a4 O-O 15.
axb5 axb5 16. Rxa8 Bxa8 17. Qe2 b4 18. Ba4 Qb6 19. Nb5 Nbd7 20. Bc7 Qa6 21. b3
Nc5 22. Ra1 Rc8 23. Be5 Bxf3 24. Qxf3 Nxa4 25. Nd4 Nd7 26. Rxa4 Nxe5 27. Rxa6
Nxf3+ 28. Nxf3 Rxc2 29. Ra8+ Bf8 30. Kf1 g6 31. Ne5 Rc7 32. Nd3 Kg7 33. Rb8 Rc3
34. Nxb4 Bd6 35. Na2 Rc2 36. Ra8 Bc5 37. b4 Rxf2+ 38. Ke1 Bd4 39. b5 Rxg2 40.
Nc1 Rxh2 0-1

[Event "N1B"]
[Site "Paris Chess Club"]
[Date "2006.11.25"]
[Round "2.1"]
[White "Okhotnik, Vladimir"]
[Black "Karim, Ismael"]
[Result "1/2-1/2"]
[WhiteElo "2477"]
[BlackElo "2288"]
[PlyCount "166"]
[EventDate "2006.11.25"]
[WhiteTeam "Epinal"]
[BlackTeam "Paris Chess Club II"]

1. d4 d5 2. c4 c6 3. e3 Nf6 4. Nf3 Bg4 5. cxd5 Bxf3 6. gxf3 cxd5 7. Nc3 a6 8.
Qb3 Ra7 9. Bd2 Nc6 10. Rc1 e6 11. Rg1 g6 12. Na4 Nd7 13. f4 Bg7 14. Qa3 Bf8 15.
Qc3 Bg7 16. Nc5 Nxc5 17. Qxc5 Bf8 18. Qc3 Bg7 19. Qa3 Bf8 20. Qa4 Bd6 21. Ba5
Bc7 22. Bxc7 Qxc7 23. Bb5 O-O 24. Bxc6 Rc8 25. Rc5 bxc6 26. b3 Kg7 27. Qa3 Qe7
28. Qb2 Rcc7 29. h3 h5 30. Kf1 a5 31. Kg2 a4 32. bxa4 Rxa4 33. Qb3 Rca7 34. Ra1
Qd7 35. a3 R7a6 36. Rc3 Qa7 37. Qc2 Qa8 38. Qd3 Qa7 39. Kg3 Kh7 40. Qc2 Kg7 41.
Qb2 Qe7 42. Rb3 Ra7 43. Kg2 Qd6 44. Re1 Rxa3 45. Rb6 Ra2 46. Qb1 Qa3 47. Kf3
Ra1 48. Qxa1 Qxa1 49. Rxa1 Rxa1 50. Rxc6 Ra2 51. Kg3 Rd2 52. Rc7 Re2 53. Rd7
Kf6 54. Ra7 Rd2 55. Ra1 Rd3 56. Ra2 Rd1 57. Kg2 Rd3 58. Ra1 Rd2 59. Kf3 Kf5 60.
Rg1 Kf6 61. Ra1 Kf5 62. Kg3 Kf6 63. Ra4 Rd1 64. Ra8 Rg1+ 65. Kh2 Rd1 66. Ra4
Rc1 67. Ra2 Re1 68. Rd2 Rf1 69. Kg2 Rc1 70. Kg3 Re1 71. Ra2 Rg1+ 72. Kf3 Rh1
73. Kg2 Rd1 74. Kf3 Kg7 75. Ra8 Kf6 76. Rb8 Kf5 77. Rh8 Kf6 78. Rb8 Rc1 79. Rh8
Kg7 80. Rd8 Kf6 81. Rd7 Rc2 82. Ra7 Rc1 83. Ra5 Rd1 $11 1/2-1/2

[Event "N1B"]
[Site "Paris Chess Club"]
[Date "2006.11.25"]
[Round "2.2"]
[White "Glicenstein, Asher"]
[Black "Sikula, Vaszilij"]
[Result "0-1"]
[WhiteElo "2278"]
[BlackElo "2515"]
[PlyCount "66"]
[EventDate "2006.11.25"]
[WhiteTeam "Paris Chess Club II"]

1. e4 c5 2. Nc3 e6 3. d4 cxd4 4. Qxd4 Nc6 5. Qe3 Nf6 6. Bc4 Be7 7. Nge2 d5 8.
Bb5 O-O 9. Bxc6 bxc6 10. e5 Nd7 11. Qg3 f6 12. exf6 Nxf6 13. O-O Bd6 14. f4 Qc7
15. Be3 Ba6 16. Rae1 e5 17. Qg5 e4 18. Bd4 Rae8 19. Rf2 Qf7 20. Ng3 h6 21. Qh4
Bc8 22. f5 Nd7 23. Nh5 Be5 24. Bxe5 Rxe5 25. g4 e3 26. Rf3 d4 27. Ne2 c5 28. b3
Bb7 29. Rg3 Qd5 30. Kf1 Qh1+ 31. Ng1 Ba6+ 32. Re2 Bxe2+ 33. Kxe2 Qd5 0-1

[Event "N1B"]
[Site "Paris Chess Club"]
[Date "2006.11.25"]
[Round "2.3"]
[White "Bakalarz, Mieczyslaw"]
[Black "Cohen, Aurelien"]
[Result "1-0"]
[WhiteElo "2380"]
[BlackElo "2221"]
[PlyCount "103"]
[EventDate "2006.11.25"]
[WhiteTeam "Epinal"]
[BlackTeam "Paris Chess Club II"]

1. e4 c5 2. Nc3 Nc6 3. Bb5 Nd4 4. a4 g6 5. f4 Bg7 6. Nf3 e6 7. d3 Ne7 8. e5 a6
9. Bc4 d5 10. exd6 Nef5 11. Ne4 Nxd6 12. c3 Nxf3+ 13. Qxf3 Nxe4 14. dxe4 b6 15.
O-O Bb7 16. Qe2 Qe7 17. f5 exf5 18. exf5 Qxe2 19. Bxe2 O-O 20. Bc4 gxf5 21.
Rxf5 Bc8 22. Rh5 Bg4 23. Rg5 Be6 24. Bxe6 fxe6 25. a5 Rad8 26. Be3 Rd3 27. Re1
bxa5 28. Bxc5 Rf5 29. Rxf5 exf5 30. Ba3 Kf7 31. Re7+ Kf6 32. Ra7 Rd5 33. Rxa6+
Kg5 34. Rd6 Rb5 35. Rd7 Be5 36. Rxh7 Rd5 37. Kf2 Bf4 38. h4+ Kg6 39. Re7 Kh5
40. g3 Bc1 41. c4 Rd4 42. c5 Rc4 43. Ke2 Bxb2 44. Bxb2 Rc2+ 45. Kf3 Rxb2 46.
Rg7 Kh6 47. Rg5 Rb3+ 48. Kf4 Rb8 49. Rxf5 Ra8 50. c6 a4 51. c7 a3 52. Ra5 1-0

[Event "N1B"]
[Site "Paris Chess Club"]
[Date "2006.11.25"]
[Round "2.4"]
[White "Lecuyer, Christian"]
[Black "Spielmann, Alain"]
[Result "0-1"]
[WhiteElo "2239"]
[BlackElo "2247"]
[PlyCount "108"]
[EventDate "2006.11.25"]
[WhiteTeam "Paris Chess Club II"]

1. c4 e6 2. Nf3 f5 3. g3 Nf6 4. Bg2 d5 5. O-O c6 6. d4 Bd6 7. b3 Qe7 8. Bb2 O-O
9. Qc1 b6 10. Ba3 Bb7 11. Bxd6 Qxd6 12. Qa3 Ne4 13. Qxd6 Nxd6 14. Ne5 Nf7 15.
Nxf7 Kxf7 16. Nd2 Nd7 17. Nf3 Kf6 18. Rac1 Rac8 19. Rfd1 Rfd8 20. h4 dxc4 21.
Rxc4 c5 22. Rdc1 b5 23. R4c3 b4 24. R3c2 Be4 25. Rd2 Bd5 26. Ng5 h6 27. e4 fxe4
28. Nxe4+ Bxe4 29. Bxe4 Nb6 30. Rcd1 c4 31. bxc4 Rxc4 32. Bc2 a5 33. Bb3 Rc6
34. Rc2 Rxc2 35. Bxc2 Nd5 36. Rd3 Nc3 37. Rf3+ Ke7 38. Bg6 Rf8 39. Re3 Nxa2 40.
Re5 a4 41. f4 Kd6 42. Ra5 Nc3 43. Kf2 Rc8 44. Ke3 b3 45. Ra6+ Rc6 46. Rxc6+
Kxc6 47. Kd3 Nb5 48. Kc4 Kb6 49. g4 Ka5 50. Bd3 b2 51. Kc5 a3 52. Bb1 Nc3 53.
f5 exf5 54. d5 a2 0-1

[Event "N1B"]
[Site "Paris Chess Club"]
[Date "2006.11.25"]
[Round "2.5"]
[White "Adrian, Claude"]
[Black "Moussard, Jules"]
[Result "1/2-1/2"]
[WhiteElo "2314"]
[BlackElo "2172"]
[PlyCount "94"]
[EventDate "2006.11.25"]
[WhiteTeam "Epinal"]
[BlackTeam "Paris Chess Club II"]

1. Nf3 Nf6 2. c4 g6 3. d4 Bg7 4. g3 O-O 5. Bg2 d5 6. cxd5 Nxd5 7. O-O Nb6 8.
Nc3 Nc6 9. d5 Na5 10. e4 c6 11. h3 cxd5 12. exd5 e6 13. Bg5 f6 14. Be3 Nac4 15.
Bc5 Re8 16. b3 Qc7 17. Bxb6 Nxb6 18. Rc1 Rd8 19. Qe2 Qf7 20. d6 Rxd6 21. Nb5
Rd7 22. Rfd1 Nd5 23. Nxa7 Rc7 24. Rxc7 Qxc7 25. Nb5 Qb6 26. Rxd5 exd5 27. Qe8+
Bf8 28. Ng5 fxg5 29. Bxd5+ Be6 30. Bxe6+ Kg7 31. Qxa8 Qxb5 32. a4 Qb4 33. Qc8
Qc5 34. Qxc5 Bxc5 35. a5 Bb4 36. Bd5 Bxa5 37. Bxb7 Bb6 38. b4 Kf6 $11 39. Kf1
h5 40. Ke2 Ke5 41. f3 h4 42. f4+ gxf4 43. gxh4 Bd8 44. b5 Bxh4 45. Kd3 Bd8 46.
Bf3 g5 47. Kc4 Bb6 1/2-1/2

[Event "N1B"]
[Site "Paris Chess Club"]
[Date "2006.11.25"]
[Round "2.6"]
[White "Lopez, Jorge"]
[Black "Cordier, Arnaud"]
[Result "1-0"]
[WhiteElo "2267"]
[BlackElo "2116"]
[PlyCount "87"]
[EventDate "2006.11.25"]
[WhiteTeam "Paris Chess Club II"]

1. b3 Nf6 2. Bb2 g6 3. Bxf6 exf6 4. d4 Bg7 5. Nf3 O-O 6. e3 d6 7. Bd3 c5 8. c3
Nc6 9. O-O f5 10. Nbd2 b6 11. Rc1 Bb7 12. Re1 Qd7 13. a3 Rfe8 14. b4 a6 15. Rb1
b5 16. bxc5 dxc5 17. a4 c4 18. Bc2 Ne7 19. e4 fxe4 20. Bxe4 Nd5 21. Qc2 f5 22.
Bxd5+ Qxd5 23. Rxe8+ Rxe8 24. Re1 Rxe1+ 25. Nxe1 Qe6 26. Kf1 Bd5 27. axb5 axb5
28. Qb2 Bc6 29. Nb1 Qd6 30. Qe2 Kf7 31. Nf3 h6 32. Nbd2 Bd5 33. Ne5+ Bxe5 34.
dxe5 Qa3 35. Qe3 g5 36. Qd4 Qa1+ 37. Ke2 Bxg2 38. Qd7+ Kg6 39. Qe8+ Kg7 40.
Qe7+ Kg6 41. Qf6+ Kh5 42. e6 Be4 43. Nxe4 fxe4 44. e7 1-0

[Event "N1B"]
[Site "Paris Chess Club"]
[Date "2006.11.25"]
[Round "2.7"]
[White "Simon, Leopold"]
[Black "Eustache, Boris"]
[Result "1-0"]
[WhiteElo "2133"]
[BlackElo "2168"]
[PlyCount "111"]
[EventDate "2006.11.25"]
[WhiteTeam "Epinal"]
[BlackTeam "Paris Chess Club II"]

1. d4 e6 2. Nf3 Nf6 3. g3 Be7 4. Bg2 O-O 5. O-O d5 6. Nbd2 c5 7. c3 Nc6 8. Re1
cxd4 9. cxd4 Qb6 10. e3 Rd8 11. a3 Bd7 12. Qb3 Qxb3 13. Nxb3 a5 14. Bd2 Ne4 15.
Nc1 e5 16. Ne2 Bg4 17. Bc3 Nxc3 18. Nxc3 e4 19. Nd2 Be6 20. Bf1 f5 21. Rac1 Bf7
22. Nb3 a4 23. Nd2 Ra5 24. Bb5 Rda8 25. Be2 Na7 26. Ndb1 Be8 27. Rc2 Bd6 28.
Rec1 Bd7 29. Nxd5 Rxd5 30. Bc4 Be6 31. Nc3 Ra5 32. Bxe6+ Kf8 33. Bd7 Nc6 34.
Be6 Rb8 35. Na2 Ke7 36. Bc4 b5 37. Bd5 Nd8 38. Nb4 Ra7 39. Rc8 Rxc8 40. Rxc8
Bxb4 41. axb4 Kd7 42. Rc5 Rc7 43. Rxb5 Rc2 44. Ra5 Rxb2 45. Rxa4 Kd6 46. Bg8
Nc6 47. Ra6 Kc7 48. Bxh7 Nxb4 49. Ra5 Nd3 50. Rxf5 Rb1+ 51. Kg2 Ne1+ 52. Kh3
Rb6 53. Rf7+ Kd8 54. Bxe4 Rh6+ 55. Kg4 Rxh2 56. Kg5 1-0

[Event "N1B"]
[Site "Paris Chess Club"]
[Date "2006.11.25"]
[Round "2.8"]
[White "Rigolot, Lucie"]
[Black "Baujard, Anne"]
[Result "0-1"]
[WhiteElo "1668"]
[BlackElo "1952"]
[PlyCount "104"]
[EventDate "2006.11.25"]
[WhiteTeam "Paris Chess Club II"]

1. e4 c5 2. Nf3 d6 3. d4 cxd4 4. Nxd4 Nf6 5. Nc3 a6 6. Bc4 e6 7. Bb3 Be7 8. O-O
O-O 9. Be3 Qc7 10. Qe2 Nc6 11. Rad1 Na5 12. Rd2 b5 13. Bg5 b4 14. Nd1 Nxe4 15.
Qxe4 Bxg5 16. Ne3 Nxb3 17. Nxb3 Rb8 18. Rdd1 d5 19. Qd3 Bd7 20. Rde1 Bb5 21.
Qd2 Bf6 22. Qc1 a5 23. Nd2 Rbc8 24. Nf3 Rfd8 25. Nd4 Ba6 26. c3 bxc3 27. bxc3
Qxc3 28. Qxc3 Rxc3 29. Nf3 Rdc8 30. h3 Ra3 31. Rb1 Rxa2 32. Rb6 Bd3 33. Rd1 Be2
34. Re1 Bxf3 35. gxf3 Ra1 36. Rxa1 Bxa1 37. Ra6 Bc3 38. Nd1 Bb4 39. Ne3 g6 40.
Kg2 Bc3 41. Kg3 d4 42. Ng2 d3 43. Ne3 d2 44. f4 Bb4 45. Kf3 Rd8 46. Ke2 Rd4 47.
Kd1 Rxf4 48. Ng4 h5 49. Ne3 Rxf2 50. Kc2 Rh2 51. Nf1 Rxh3 52. Nxd2 Rh2 0-1

[Event "N1B"]
[Site "Paris Chess Club"]
[Date "2006.11.25"]
[Round "2.1"]
[White "Chernuschevich, Alexei"]
[Black "Pira, Davoud"]
[Result "1-0"]
[WhiteElo "2514"]
[BlackElo "2398"]
[PlyCount "77"]
[EventDate "2006.11.25"]
[WhiteTeam "Besançon T.P.G."]
[BlackTeam "Lutèce Echecs"]

1. d4 Nf6 2. c4 c5 3. e3 g6 4. Nf3 Bg7 5. Be2 O-O 6. O-O b6 7. Nc3 d6 8. Re1 a6
9. Bf1 e6 10. e4 cxd4 11. Nxd4 Bb7 12. Bg5 h6 13. Bh4 Qc7 14. Qd2 Nbd7 15. Rad1
Rad8 16. Nc2 Ne5 17. Bxf6 Bxf6 18. Qxh6 Nxc4 19. Bxc4 Qxc4 20. Ne3 Qc5 21. Ng4
Bg5 22. b4 Bxh6 23. Nxh6+ Kg7 24. bxc5 Kxh6 25. cxd6 e5 26. Na4 Rfe8 27. Nxb6
Re6 28. Nc4 Bc6 29. f3 Bb5 30. Ne3 f6 31. Kf2 Rexd6 32. Rxd6 Rxd6 33. Rd1 Rb6
34. Rc1 Rd6 35. Rc7 Rd2+ 36. Kg3 Bd7 37. Nd5 Bc6 38. Nxf6 Ba4 39. Ng4+ 1-0

[Event "N1B"]
[Site "Paris Chess Club"]
[Date "2006.11.25"]
[Round "2.2"]
[White "San Emeterio Cabanes, Jose L"]
[Black "Claverie, Christophe"]
[Result "1/2-1/2"]
[WhiteElo "2394"]
[BlackElo "2314"]
[PlyCount "71"]
[EventDate "2006.11.25"]
[WhiteTeam "Lutèce Echecs"]

1. b3 d5 2. e3 Nf6 3. Bb2 c6 4. c4 Bg4 5. Be2 Bxe2 6. Qxe2 e6 7. f4 Nbd7 8. Nf3
a5 9. Nc3 Be7 10. O-O O-O 11. Ne5 Bd6 12. d4 Bb4 13. Na4 Bd6 14. Nxd7 Nxd7 15.
e4 dxe4 16. Qxe4 Qh4 17. g3 Qg4 18. Nc3 Rfe8 19. Rae1 Bb4 20. Re2 f5 21. Qf3
Qxf3 22. Rxf3 Bxc3 23. Rxc3 Nf6 24. Re5 Nd7 25. Re2 Nf6 26. Re5 Nd7 27. Re1 Nf6
28. Rd3 a4 29. d5 exd5 30. Rxe8+ Nxe8 31. cxd5 axb3 32. dxc6 bxa2 33. cxb7
a1=Q+ 34. Bxa1 Rxa1+ 35. Kg2 Rb1 36. Rd8 1/2-1/2

[Event "N1B"]
[Site "Paris Chess Club"]
[Date "2006.11.25"]
[Round "2.3"]
[White "Vesin, Jean-Robert"]
[Black "Garbarino, Xavier"]
[Result "1/2-1/2"]
[WhiteElo "2299"]
[BlackElo "2225"]
[PlyCount "36"]
[EventDate "2006.11.25"]
[WhiteTeam "Besançon T.P.G."]
[BlackTeam "Lutèce Echecs"]

1. e4 Nc6 2. Nf3 d6 3. d4 Nf6 4. Nbd2 g6 5. h3 Bg7 6. Bd3 O-O 7. c3 e5 8. O-O
d5 9. dxe5 Nxe4 10. Nxe4 dxe4 11. Bxe4 Qxd1 12. Rxd1 Nxe5 13. Bf4 Nxf3+ 14.
Bxf3 c6 15. Rd6 Be6 16. Bg4 Bd5 17. Re1 f5 18. Bd1 Rae8 1/2-1/2

[Event "N1B"]
[Site "Paris Chess Club"]
[Date "2006.11.25"]
[Round "2.4"]
[White "Lamorelle, Yves"]
[Black "Sermier, Guillaume"]
[Result "1/2-1/2"]
[WhiteElo "2197"]
[BlackElo "2368"]
[PlyCount "68"]
[EventDate "2006.11.25"]
[WhiteTeam "Lutèce Echecs"]

1. e4 e6 2. d4 d5 3. e5 c5 4. c3 Nc6 5. Nf3 Bd7 6. Be2 Nge7 7. Na3 cxd4 8. cxd4
Nf5 9. Nc2 Be7 10. O-O Qb6 11. Bd3 Nb4 12. Nxb4 Qxb4 13. Kh1 h6 14. Bd2 Qb6 15.
a4 a5 16. Rc1 Bb4 17. Bxf5 exf5 18. Bxb4 Qxb4 19. Rc5 Bxa4 20. Qd3 Bd7 21. Rxd5
Bc6 22. Rd6 Be4 23. Qe3 O-O 24. Nd2 Rfd8 25. Nxe4 fxe4 26. Qxe4 Rxd6 27. exd6
Rd8 28. h3 Qxd6 29. Qxb7 Qxd4 30. Qc7 Rd5 31. Qc8+ Kh7 32. Qc2+ Qd3 33. Qxd3+
Rxd3 34. Ra1 $11 Rd2 $11 1/2-1/2

[Event "N1B"]
[Site "Paris Chess Club"]
[Date "2006.11.25"]
[Round "2.5"]
[White "Crut, Aurelien"]
[Black "Lamorelle, Julien"]
[Result "1-0"]
[WhiteElo "2367"]
[BlackElo "2180"]
[PlyCount "47"]
[EventDate "2006.11.25"]
[WhiteTeam "Besançon T.P.G."]
[BlackTeam "Lutèce Echecs"]

1. e4 c5 2. Nf3 d6 3. c3 Nf6 4. Be2 g6 5. O-O Bg7 6. Bb5+ Bd7 7. Bxd7+ Qxd7 8.
Re1 O-O 9. d4 e6 10. dxc5 dxc5 11. Qe2 Nc6 12. Na3 Rfd8 13. e5 Nd5 14. Bg5 Nde7
15. Rad1 Qc7 16. Nb5 Qb6 17. Nd6 h6 18. Bf6 Bxf6 19. exf6 Nf5 20. Nxf5 gxf5 21.
Nh4 Rxd1 22. Rxd1 Rd8 23. Re1 Nd4 24. Qh5 1-0

[Event "N1B"]
[Site "Paris Chess Club"]
[Date "2006.11.25"]
[Round "2.6"]
[White "Stoven, Gilles-Noel"]
[Black "Naudier, Serge"]
[Result "1/2-1/2"]
[WhiteElo "2156"]
[BlackElo "2276"]
[PlyCount "168"]
[EventDate "2006.11.25"]
[WhiteTeam "Lutèce Echecs"]

1. e4 d6 2. d4 Nf6 3. Nc3 e5 4. dxe5 dxe5 5. Qxd8+ Kxd8 6. Bg5 Be6 7. O-O-O+
Nbd7 8. f4 exf4 9. Bxf6+ gxf6 10. Nd5 Bd6 11. Ne2 Bg4 12. h3 Bh5 13. Re1 f3 14.
Nef4 fxg2 15. Bxg2 Bg6 16. Rhf1 Be5 17. h4 c6 18. Nb4 Ke7 19. Nbd3 h6 20. Bh3
Rad8 21. c3 Bxf4+ 22. Nxf4 Ne5 23. Re3 h5 24. Bf5 Rd6 25. Rg3 Bxf5 26. exf5
Rhd8 27. Rg7 Kd7 28. Ne6 Re8 29. Kc2 Kc8 30. Nc5 Nc4 31. Rf4 Ne3+ 32. Kb3 Rd5
33. Ne4 Rb5+ 34. Ka4 Nxf5 35. Rxf7 Ree5 36. b4 a5 37. Rxf5 Rxf5 38. Nd6+ Kb8
39. Nxb5 cxb5+ 40. Kxa5 Ka7 41. a3 Rf3 42. Kxb5 Rxc3 43. a4 Rf3 44. Ka5 Rf4 45.
Rh7 Rf5+ 46. b5 Re5 47. Kb4 Re4+ 48. Ka5 Re5 49. Kb4 Re4+ 50. Kc5 Rxa4 51. Rxh5
Rf4 52. Rh6 Rf5+ 53. Kc4 Kb6 54. Rh7 Rc5+ 55. Kd3 Rxb5 56. Rf7 Rf5 57. Ke4 Rf1
58. h5 Ka6 59. h6 Kb6 60. h7 Rh1 61. Kd3 Ka5 62. Kc3 b5 63. Ra7+ Kb6 64. Rf7
Kc5 65. Rxf6 Rh3+ 66. Kb2 Rxh7 67. Rf5+ Kb4 68. Rf2 Rh3 69. Rg2 Rb3+ 70. Ka2
Rc3 71. Kb2 Rc4 72. Rg8 Rd4 73. Rg2 Kc4 74. Rc2+ Kb4 75. Rh2 Ka4 76. Rg2 b4 77.
Rh2 Rd3 78. Rg2 Ra3 79. Rh2 Rd3 80. Rg2 Rd4 81. Rh2 Kb5 82. Rc2 Re4 83. Rc8
Re2+ 84. Kb3 Re3+ 1/2-1/2

[Event "N1B"]
[Site "Paris Chess Club"]
[Date "2006.11.25"]
[Round "2.7"]
[White "Sermier, Alain"]
[Black "Derieux, Christian"]
[Result "1/2-1/2"]
[WhiteElo "2121"]
[BlackElo "2144"]
[PlyCount "78"]
[EventDate "2006.11.25"]
[WhiteTeam "Besançon T.P.G."]
[BlackTeam "Lutèce Echecs"]

1. e4 c5 2. Nf3 d6 3. d4 cxd4 4. Nxd4 Nf6 5. Nc3 g6 6. g3 Nc6 7. Bg2 Nxd4 8.
Qxd4 Bg7 9. O-O O-O 10. Qd2 Rb8 11. Rd1 Nd7 12. Nd5 Ne5 13. Ne3 Bh3 14. f4 Bxg2
15. Kxg2 Nc6 16. c3 b5 17. Qe2 Qc7 18. Nd5 Qb7 19. Qf3 b4 20. Bd2 bxc3 21. Bxc3
Bxc3 22. bxc3 Qa6 23. Rd2 Qa3 24. Rf1 Rb2 25. Rxb2 Qxb2+ 26. Rf2 Qb7 27. e5 Qd7
28. Rd2 Kg7 29. Nb4 Rc8 30. exd6 exd6 31. Qd5 Nxb4 32. cxb4 Re8 33. b5 Qg4 34.
Qd4+ Kg8 35. a4 Re2+ 36. Rxe2 Qxe2+ 37. Kg1 Qe1+ 38. Kg2 Qe2+ 39. Kg1 Qe1+
1/2-1/2

[Event "N1B"]
[Site "Paris Chess Club"]
[Date "2006.11.25"]
[Round "2.8"]
[White "Bounya, Myriam"]
[Black "Hisleur, Gaelle"]
[Result "1-0"]
[WhiteElo "1846"]
[BlackElo "1938"]
[PlyCount "75"]
[EventDate "2006.11.25"]
[WhiteTeam "Lutèce Echecs"]

1. d4 e6 2. c4 Nf6 3. Nc3 Bb4 4. Bd2 b6 5. e3 Bb7 6. Nf3 O-O 7. Bd3 d5 8. cxd5
exd5 9. Rc1 Bxc3 10. Bxc3 Ne4 11. Qc2 Qe7 12. O-O Nd7 13. b4 Rfc8 14. Qb3 Ndf6
15. b5 Ng4 16. Be1 Qe6 17. h3 Ngf6 18. Ne5 a6 19. a4 axb5 20. axb5 Nd6 21. Bb4
Nfe4 22. Rc2 Qe8 23. Nc6 Qe6 24. Rfc1 Nf6 25. Ne5 Nfe8 26. Be2 Qh6 27. Bg4 f5
28. Bf3 Ne4 29. Nc6 Kh8 30. Qxd5 Bxc6 31. Rxc6 Qh4 32. Bxe4 fxe4 33. Qf5 h6 34.
Rxb6 Ra2 35. Rg6 Rca8 36. g3 Qd8 37. Qf7 Qb8 38. Bf8 1-0

[Event "N1B"]
[Site "Lyon Olympique Echecs"]
[Date "2006.11.25"]
[Round "2.1"]
[White "Fedorchuk, Sergey A"]
[Black "Romero Holmes, Alfonso"]
[Result "1-0"]
[WhiteElo "2599"]
[BlackElo "2512"]
[PlyCount "85"]
[EventDate "2006.11.25"]
[WhiteTeam "Vincennes"]
[BlackTeam "Avignon"]

1. e4 c5 2. Nf3 d6 3. d4 cxd4 4. Nxd4 Nf6 5. Nc3 Nc6 6. Bg5 e6 7. Qd2 Be7 8.
O-O-O Qb6 9. Be2 Qxd4 10. Qxd4 Nxd4 11. Rxd4 a6 12. f4 Bd7 13. Bf3 Bc6 14. Re1
e5 15. Bxf6 gxf6 16. Rd3 Rg8 17. Nd5 Bxd5 18. Rxd5 Rc8 19. Red1 Rc7 20. c3 Kf8
21. Kc2 Rg6 22. f5 Rg8 23. b4 Ke8 24. a4 Kd7 25. a5 Kc8 26. Kb3 Rg5 27. R1d2
Rg8 28. Bh5 Rg7 29. g3 Kb8 30. c4 Kc8 31. Rd1 Rc6 32. Kc3 Rc7 33. Kd3 Rd7 34.
b5 Bd8 35. bxa6 bxa6 36. Ke2 Rg5 37. Rxd6 Rxd6 38. Rxd6 Rxh5 39. h4 Rh6 40.
Rxa6 Kb7 41. Rd6 Bxa5 42. Rd1 Kc6 43. Rh1 1-0